000 00670nam a2200229Ia 4500
001 9126
003 GE_BSU
008 181216s||||||||xx |||||||||||||| ||und||
040 _cGE_BSU
080 _a821.353.1–32
100 _aთავაძე,სოლომონ
245 _aის, რაც უკვდავია
245 _bმოთხრობა
245 _cრედ.ლ.კალანდაძე
260 _aთბილისი
260 _bსახელგამი
260 _c1942
300 _a30გვ.17სმ.
653 _aის, რაც უკვდავია
653 _aმოთხრობა
942 _cBK
999 _c42430
_d42430